Derecho y persona /
Guardado en:
| Autor Principal: | |
|---|---|
| Otros Autores: | |
| Formato: | Libro |
| Idioma: | Spanish |
| Publicado: |
Ciudad Autónoma de Buenos Aires :
Astrea,
2015.
|
| Edición: | 5a. ed. act. y amp. |
| Materias: | |
| Etiquetas: |
Agregar Etiqueta
Sin Etiquetas, Sea el primero en etiquetar este registro!
|
| LEADER | 00589nam a22001695a 4500 | ||
|---|---|---|---|
| 001 | DER.der014089 | ||
| 008 | 190917s2015####ag############000#0#spa#d | ||
| 005 | 20251218091239.0 | ||
| 245 | 1 | 0 | |a Derecho y persona / |c Carlos Fernández Sessarego ; prólogo de Ricardo D. Rabinovich-Berkman. |
| 250 | |a 5a. ed. act. y amp. | ||
| 260 | |a Ciudad Autónoma de Buenos Aires : |b Astrea, |c 2015. | ||
| 300 | |a 261 p. | ||
| 020 | |a 9789877060454 | ||
| 100 | 1 | |a Fernández Sessarego, Carlos. | |
| 700 | 1 | |a Rabinovich-Berkman, Ricardo D., |e prol. | |
| 650 | 7 | |a DERECHO PRIVADO | |
| 859 | |a DERECHO |b BIB. DERECHO |h 346 |i FER |p 009320 | ||
